000 01579 a2200241 4500
003 NUST
005 20221201143643.0
010 _a 2008925008
020 _a0827325320
020 _a1435400690
040 _cNust
082 0 0 _a537,KUB
100 1 _aKubala, Thomas S.
245 1 0 _aElectricity 2 :
_bdevices, circuits, and materials /
_cThomas Kubala.
246 3 _aElectricity two
250 _a4th ed.
260 _aAustralia ;
_aUnited States :
_bDelmar Cengage Learning,
_c1988
300 _aix, 126. :
_bill. ;
_c24 cm.
505 _aAlternating-Current Principles (Page-1), Inductance and Inductive Reactance (Page-9), Capacitance and Capacitive Reactance (Page-15), Series Circuit: Resistance and Inductance (Page-23), Series Circuit: Resistance and Capacitance (Page-29), Series Circuit: Resistance, Inductance, and Capacitance (Page-35), AC Parallel Circuits Containing Inductance (Page-43), AC Parallel Circuits Containing Inductance and Capacitance (Page-49), AC Power, Power Factor, and Power Factor Correction (Page-57), Summary Review of Units 1-9 (Page-69), Single Phase , Three Wire Service Entrance (Page-75), Installation of a Single-Phase, Three-Wire Service Entrance for an Apartment Building (Page-85), Installation of a Three-Phase, Three-Wire Service Entrance (Page-193), Introduction to Fluorescent Lighting (Page-101), Installation of Fluorescent Lighting (Page-1 07), Summary Review of Units 11-15 (Page-117).
650 0 _aElectric circuits
_xAlternating current.
_9101583
650 0 _aElectrical engineering.
942 _2ddc
_cBK
_k537,KUB
999 _c184004
_d184004